| 000 | 00432nam a22001457a 4500 | ||
|---|---|---|---|
| 005 | 20260305091503.0 | ||
| 008 | 190814b ||||| |||| 00| 0 eng d | ||
| 020 | _a9780520067882 | ||
| 082 | _a305 JUS | ||
| 100 | _aJustice, Judith | ||
| 245 |
_a Policies, plans, & people : _b foreign aid and health development. |
||
| 260 |
_aLondon ; _bUniversity of California Press, _c1986. |
||
| 300 |
_axv, 202 p. _c22 cm. |
||
| 942 |
_2ddc _cMAIN |
||
| 999 |
_c8298 _d8299 |
||